=LDR 00000nam 2200000 4500 =001 INLIS000000000039575 =005 20130612145207 =008 ***********************************Ind** =035 ##$$0010-061300000039575 =041 ##$$a Ind =082 ##$$a 616.994 =090 ##$$a 616.994, Sho m =100 ##$$a Sholihin, Ridwan =245 ##$$a Mengenal, Mencegah, Mengatasi Silent Killer "Kanker", Ridwan Sholihin ; Editor, Ika Wijayati S.N =260 ##$$a S.a $b Jakarta =300 ##$$a 137 Hlm, 20 Cm =650 ##$$a Kanker =700 ##$$a Wijayati, Ika =850 ##$$a NBPNMAT =990 ##$$a 0001/BPAP-NTB/20142015 =990 ##$$a 2090101104/BPAP-NTB/2015 =990 ##$$a 0001/BPAP-NTB/2016